| 000 | 01395nam a2200385 i 4500 | ||
|---|---|---|---|
| 003 | CO-BoRNBP | ||
| 005 | 20230508160955.0 | ||
| 007 | ta | ||
| 008 | 211028s2021 ck ||er ||| 00| jdspa d | ||
| 020 | _a9789587207392 | ||
| 040 |
_aCO-BoRNBP _bspa _erda _cCO-BoRNBP |
||
| 041 | 0 | _aspa | |
| 043 | _as-ck--- | ||
| 084 | _aC ARA17 | ||
| 100 | 1 |
_aArango, Gonzalo _d1931-1976 _eautor _91837 |
|
| 245 | 1 | 0 |
_aSexo y saxofón _bcuentos _cGonzalo Arango ; presentación Ignacio Piedrahita |
| 250 | _aEdición especial | ||
| 264 | 1 |
_aMedellín, Colombia _bEditorial EAFIT _bCorporación Otra Parte _c2021 |
|
| 300 |
_a232 páginas _c20 cm |
||
| 336 |
_atexto _btxt _2rdacontent |
||
| 337 |
_asin mediación _bn _2rdamedia |
||
| 338 |
_avolumen _bnc _2rdacarrier |
||
| 490 | 0 | _aPlan Nacional de Lectura y Escritura Leer es mi Cuento / Ministerio de Cultura | |
| 490 | 0 | _aBiblioteca Gonzalo Arango | |
| 521 | _aRecomendado para un público adulto | ||
| 545 | _aIncluye datos biográficos del autor al inicio del texto | ||
| 650 | 1 | 7 |
_aCuentos colombianos _ySiglo XX _2LEMB _91206 |
| 650 | 1 | 7 |
_aLiteratura colombiana _ySiglo XX _2LEMB _9427 |
| 650 | 1 | 7 |
_aAutores colombianos _ySiglo XX _2LEMB _9428 |
| 650 | 1 | 7 |
_aMujeres _vCuentos _2LEMB _91838 |
| 650 | 1 | 7 |
_aAmor _vCuentos _2LEMB _91839 |
| 650 | 1 | 7 |
_aVida cotidiana _vCuentos _2LEMB _91840 |
| 700 | 1 |
_aPiedrahita, Ignacio _eprologuista _91841 |
|
| 942 | _cBKLIT | ||
| 999 |
_c9495 _d9495 |
||